| 000 | 00993cam a22003017a 4500 | ||
|---|---|---|---|
| 003 | CHAP | ||
| 005 | 20220817043826.0 | ||
| 008 | 020308d1969 mx a r 00110 spa d | ||
| 010 | _a85444 | ||
| 011 | _a86416 | ||
| 035 | _a96954 | ||
| 040 | _cCHAP | ||
| 082 | 0 | 4 |
_a348.4 _bC65 |
| 110 | 0 | 0 | _aCONASUPO |
| 245 | 1 | 0 |
_aDecreto que crea a a la Compañia Nacional de Subsisteccias Populares _c/por Compañía Nacional de Subsistencias Populares |
| 260 |
_aMéxico, D.F. : _bCONASUPO, _c1969. |
||
| 300 |
_a301 p. : _bilus. |
||
| 590 |
_aBATCH-UPD _b10 _c20130110 _lUCH01 _h1948 |
||
| 590 |
_aBATCH-UPD _b10 _c20130410 _lUCH01 _h1310 |
||
| 590 |
_aBATCH-UPD _b10 _c20130914 _lUCH01 _h0201 |
||
| 590 |
_aCONVERSION _b10 _c20130109 _lUCH01 _h1347 |
||
| 650 | 1 | 4 |
_aAlimentos _xAbastecimiento _xLeyes. _94131 |
| 650 | 1 | 4 |
_aPolítica alimentaria _xMéxico. _990410 |
| 901 | _aBK | ||
| 905 | _aMayto Villalobos S. | ||
| 942 | _cLIBRO | ||
| 949 |
_a348.4 C65 _bBC _cLIBRO _d33724000861829 _eLIBRO _h102053 _i96954 _sb |
||
| 999 |
_c85444 _d85444 |
||